Professional development for language teachers; strategies for teacher learning (Record no. 72915)
[ view plain ]
| 000 -LEADER | |
|---|---|
| fixed length control field | 00674 a2200241 4500 |
| 020 ## - INTERNATIONAL STANDARD BOOK NUMBER | |
| International Standard Book Number | 978-1-107-40013-9 |
| 041 ## - LANGUAGE CODE | |
| Language code of text/sound track or separate title | Eng |
| 082 ## - DEWEY DECIMAL CLASSIFICATION NUMBER | |
| Classification number | 378.124 |
| Item number | R417p |
| 100 ## - MAIN ENTRY--PERSONAL NAME | |
| Personal name | Richards, Jack C. |
| 100 ## - MAIN ENTRY--PERSONAL NAME | |
| Personal name | Farrell, Thomas S. C. |
| 245 ## - TITLE STATEMENT | |
| Title | Professional development for language teachers; strategies for teacher learning |
| 260 ## - PUBLICATION, DISTRIBUTION, ETC. | |
| Place of publication, distribution, etc. | Cambridge: |
| Name of publisher, distributor, etc. | Cambridge University Press, |
| Date of publication, distribution, etc. | 2005 |
| 300 ## - PHYSICAL DESCRIPTION | |
| Extent | x, 202p. illus |
| 504 ## - BIBLIOGRAPHY, ETC. NOTE | |
| Bibliography, etc. note | Bibliography at the end of each chapter |
| 650 ## - SUBJECT ADDED ENTRY--TOPICAL TERM | |
| Topical term or geographic name entry element | Research |
| 650 ## - SUBJECT ADDED ENTRY--TOPICAL TERM | |
| Topical term or geographic name entry element | Teachers |
| 650 ## - SUBJECT ADDED ENTRY--TOPICAL TERM | |
| Topical term or geographic name entry element | Language |
| 650 ## - SUBJECT ADDED ENTRY--TOPICAL TERM | |
| Topical term or geographic name entry element | Learning |
| 650 ## - SUBJECT ADDED ENTRY--TOPICAL TERM | |
| Topical term or geographic name entry element | Monitoring |
| 650 ## - SUBJECT ADDED ENTRY--TOPICAL TERM | |
| Topical term or geographic name entry element | Professional education |
| 653 ## - INDEX TERM--UNCONTROLLED | |
| Uncontrolled term | Education |
| 942 ## - ADDED ENTRY ELEMENTS (KOHA) | |
| Source of classification or shelving scheme | Dewey Decimal Classification |
| Koha item type | General Collections |
| Withdrawn status | Lost status | Source of classification or shelving scheme | Damaged status | Not for loan | Home library | Current library | Shelving location | Date acquired | Total Checkouts | Total Renewals | Full call number | Barcode | Date last seen | Date last checked out | Price effective from | Koha item type |
|---|---|---|---|---|---|---|---|---|---|---|---|---|---|---|---|---|
| Dewey Decimal Classification | Tribhuvan University Central Library | Tribhuvan University Central Library | New Building | 06/30/2014 | 8 | 10 | 378.124 R417p | 148776 | 12/13/2018 | 11/25/2018 | 06/30/2014 | General Collections | ||||
| Dewey Decimal Classification | Tribhuvan University Central Library | Tribhuvan University Central Library | 06/30/2014 | 4 | 5 | 378.124 R417p | 148777 | 04/17/2016 | 12/23/2015 | 06/30/2014 | General Collections | |||||
| Dewey Decimal Classification | Tribhuvan University Central Library | Tribhuvan University Central Library | New Building | 07/24/2014 | 6 | 8 | 378.124 R417p | 142280 | 04/29/2018 | 02/22/2018 | 07/24/2014 | General Collections | ||||
| Dewey Decimal Classification | Tribhuvan University Central Library | Tribhuvan University Central Library | 12/08/2015 | 8 | 14 | 378.124 R417p | 142281 | 12/01/2019 | 10/15/2019 | 12/08/2015 | General Collections |
